000 01097cam a22002651i 4500
003 SA-RiAUC
005 20250906094218.0
008 250904s2001 sy g d 000 0 ara c
040 _aSA-JeALM
_bara
_cSA-RiAUC
_erda
082 0 4 _a415.103
_qSA-RiAUC
090 _a415.103
_bد ق ر
100 1 _aالدقر، عبد الغني،
_d1916-2002
_eمؤلف.
245 1 0 _aمعجم القواعد العربية في النحو والتصريف وذيل بالإملاء /
_cعبد الغني الدقر.
250 _aالطبعة الثالثة.
_bبها زيادات مهمة
264 1 _aدمشق :
_bدار القلم،
_c2001.
300 _a672 صفحة
_c24 سم.
336 _aنص
_btxt
_2rdacontent
_3كتاب
337 _aبدون وسيط
_bn
_2rdamedia
338 _aمجلد
_bnc
_2rdacarrier
650 7 _aاللغة العربية
_xنحو
_vمعاجم
_2aucsh
650 7 _aاللغة العربية
_xصرف
_vمعاجم
_2aucsh
650 7 _aاللغة العربية
_xإملاء وتهجئة
_vمعاجم
_2aucsh
942 _2ddc
_cBOOK
_n0
949 _aSA-JeALM
_d250904
_uosman123
_n1
999 _c11451
_d11451